000
00342nam a22001457a 4500
008
221212b ||||| |||| 00| 0 eng d
020
_a
9780827359499
041
_a
eng
080
_a
338
082
_a
338JOH
100
_a
23.1
101
_a
MENAXH
245
_a
INFORMATION MANAGEMENT FOR HEALTH PROFESSIONS
_c
JOHNS L.M
942
_2
udc
_c
BK
999
_c
59172
_d
59172